L’informatisation de la société :
Guardado en:
| Autor principal: | |
|---|---|
| Formato: | Libro |
| Lenguaje: | Undetermined |
| Publicado: |
Paris
La Documentation francaise
1978
|
| Materias: | |
| Etiquetas: |
Agregar Etiqueta
Sin Etiquetas, Sea el primero en etiquetar este registro!
|
| Thư viện lưu trữ: | Trung tâm Học liệu Trường Đại học Cần Thơ |
|---|
| LEADER | 00592nam a2200193Ia 4500 | ||
|---|---|---|---|
| 001 | CTU_87188 | ||
| 008 | 210402s9999 xx 000 0 und d | ||
| 082 | |a 001.64 | ||
| 082 | |b N822 | ||
| 100 | |a Simon Nora | ||
| 245 | 0 | |a L’informatisation de la société : | |
| 245 | 0 | |c Simon Nora, Alain Minc | |
| 260 | |a Paris | ||
| 260 | |b La Documentation francaise | ||
| 260 | |c 1978 | ||
| 650 | |a computers and civilization,telecommunication,telecommunication | ||
| 650 | |x social aspects,data processing | ||
| 650 | |z france,france | ||
| 980 | |a Trung tâm Học liệu Trường Đại học Cần Thơ | ||